[Event "Warsaw-ch 68th"]
[Site "Warsaw"]
[Date "2019.11.14"]
[Round "3"]
[White "Sadowski, Miroslaw"]
[Black "Siekierski, Pawel"]
[Result "1/2-1/2"]
[WhiteElo "1998"]
[BlackElo "1959"]
[PlyCount "94"]
[EventDate "2019.11.12"]
[EventType "swiss"]
[EventRounds "9"]
[EventCountry "POL"]
[SourceTitle "CBM 193 Extra"]
[Source "ChessBase"]
[SourceDate "2020.01.31"]
[SourceVersion "1"]
[SourceVersionDate "2020.01.31"]
[SourceQuality "1"]

1. d4 d5 2. Nf3 Nf6 3. Bf4 Bf5 4. e3 e6 5. Nbd2 Bd6 6. Ne5 0-0 7. Be2 c5 8. g4 Be4 9. f3 Bg6 10. h4 cxd4 11. exd4 h5 12. g5 Ne8 13. c3 Nc6 14. Qa4 Qc7 15. Nxg6 fxg6 16. Bxd6 Nxd6 17. 0-0-0 Nf5 18. Nf1 Qf4+ 19. Kb1 Nxh4 20. Qb5 Rab8 21. Nd2 Qxg5 22. Ne4 Qe7 23. Nc5 b6 24. Nxe6 Qxe6 25. Rxh4 Rbe8 26. Rh2 Ne7 27. c4 Qf5+ 28. Ka1 Kh8 29. a3 Rc8 30. Rdh1 Rfd8 31. Rh4 Ng8 32. Qb3 Ne7 33. f4 Qe6 34. Bg4 Nf5 35. Rxh5+ gxh5 36. Rxh5+ Kg8 37. Bxf5 Qe1+ 38. Ka2 Qe2 39. Qh3 Qxc4+ 40. Ka1 Qc1+ 41. Bb1 Qc6 42. Rh8+ Kf7 43. Qh5+ Ke7 44. Qe5+ Kf7 45. Qh5+ Ke7 46. Qe5+ Kf7 47. Qh5+ Ke7 1/2-1/2

[Event "Rubinstein Memorial-A 53rd"]
[Site "Polanica Zdroj"]
[Date "2017.08.19"]
[Round "1"]
[White "Siekierski, Pawel"]
[Black "Warakomski, Tomasz"]
[Result "0-1"]
[WhiteElo "1990"]
[BlackElo "2536"]
[PlyCount "82"]
[EventDate "2017.08.19"]
[EventType "swiss"]
[EventRounds "9"]
[EventCountry "POL"]
[SourceTitle "CBM 180 Extra"]
[Source "ChessBase"]
[SourceDate "2017.10.06"]
[SourceVersion "1"]
[SourceVersionDate "2017.10.06"]
[SourceQuality "1"]

1. d4 Nf6 2. Nf3 e6 3. c4 b6 4. g3 Ba6 5. b3 Bb4+ 6. Bd2 Be7 7. Bg2 c6 8. 0-0 d5 9. Bc3 0-0 10. Nbd2 Nbd7 11. a3 c5 12. cxd5 exd5 13. Re1 Rc8 14. Rc1 Re8 15. Bb2 Bd6 16. dxc5 bxc5 17. e3 Qb6 18. Bh3 Rcd8 19. Qc2 Bf8 20. Bf5 g6 21. Bxd7 Nxd7 22. Qc3 f6 23. a4 Ne5 24. Nxe5 fxe5 25. Qc2 Qb4 26. Nb1 Rb8 27. Ba3 Qxb3 28. Qxb3 Rxb3 29. Bxc5 Rxb1 30. Rxb1 Bxc5 31. Rec1 Bc4 32. Rb7 Re7 33. Rb8+ Kg7 34. Rc8 Bb6 35. Ra1 Rc7 36. Re8 d4 37. a5 Bc5 38. Rxe5 d3 39. Rd1 Bb4 40. Re4 d2 41. Rd4 Be2 0-1

[Event "Eger Agria op 40th"]
[Site "Eger"]
[Date "2016.07.19"]
[Round "2"]
[White "Goczo, Melinda"]
[Black "Siekierski, Pawel"]
[Result "1-0"]
[WhiteElo "2159"]
[BlackElo "1970"]
[PlyCount "121"]
[EventDate "2016.07.18"]
[EventType "swiss"]
[EventRounds "8"]
[EventCountry "HUN"]
[SourceTitle "EXT 2020"]
[Source "ChessBase"]
[SourceDate "2019.10.17"]
[SourceVersion "1"]
[SourceVersionDate "2019.10.17"]
[SourceQuality "1"]

1. d4 d5 2. Nf3 Nf6 3. g3 c6 4. Bg2 Bf5 5. 0-0 e6 6. c4 Nbd7 7. Qb3 Qb6 8. Nc3 Qxb3 9. axb3 Bd6 10. c5 Bc7 11. b4 0-0 12. b5 e5 13. dxe5 Bxe5 14. Nxe5 Nxe5 15. Bf4 Rfe8 16. Rfd1 Ned7 17. b4 Ne4 18. Bxe4 Bxe4 19. Rd2 Bf5 20. e3 Nf6 21. bxc6 bxc6 22. Rda2 Bd3 23. Rxa7 Rxa7 24. Rxa7 Ne4 25. b5 Bxb5 26. Nxb5 cxb5 27. c6 g5 28. f3 gxf4 29. fxe4 dxe4 30. Rb7 Rc8 31. c7 Kg7 32. exf4 b4 33. Kf2 b3 34. Ke3 f5 35. Kd4 b2 36. Ke5 b1Q 37. Rxb1 Rxc7 38. Kxf5 e3 39. Re1 Rc2 40. h4 e2 41. g4 Ra2 42. h5 h6 43. g5 hxg5 44. Kxg5 Rb2 45. h6+ Kf7 46. Rh1 Rb8 47. Re1 Rb2 48. f5 Ra2 49. Kf4 Ra4+ 50. Kg5 Ra2 51. h7 Kg7 52. Rh1 Kh8 53. Kg6 Ra3 54. f6 Rg3+ 55. Kf7 Rf3 56. Re1 Rf2 57. Ke7 Rf1 58. Rxe2 Ra1 59. f7 Ra7+ 60. Kf6 Kxh7 61. Rh2# 1-0

[Event "Warsaw Najdorf Memorial op-A 11th"]
[Site "Warsaw"]
[Date "2013.08.12"]
[Round "8"]
[White "Siekierski, Pawel"]
[Black "Chomczyk, Marek"]
[Result "0-1"]
[WhiteElo "2024"]
[BlackElo "1962"]
[PlyCount "96"]
[EventDate "2013.08.05"]
[EventType "swiss"]
[EventRounds "9"]
[EventCountry "POL"]
[SourceTitle "CBM 155 Extra"]
[Source "ChessBase"]
[SourceDate "2013.08.26"]
[SourceVersion "1"]
[SourceVersionDate "2013.08.26"]
[SourceQuality "1"]

1. d4 Nf6 2. c4 e6 3. Nf3 d5 4. Nc3 Bb4 5. Bg5 h6 6. Bxf6 Qxf6 7. e3 0-0 8. Qb3 c5 9. cxd5 exd5 10. Qxd5 Nc6 11. a3 cxd4 12. Nxd4 Rd8 13. axb4 Rxd5 14. Nxd5 Qd6 15. Nxc6 bxc6 16. Nc3 Qxb4 17. 0-0-0 Bf5 18. Rd4 Qa5 19. Ra4 Qb6 20. Bc4 Rb8 21. Nd1 Qc5 22. Nc3 a5 23. Ba2 Rb4 24. Ra3 Bg6 25. Rd1 Qf5 26. Rd8+ Kh7 27. Rd2 Qe5 28. g3 Qc5 29. h4 Qb6 30. Re2 Qa6 31. Bb1 Bxb1 32. Kxb1 Qd3+ 33. Kc1 a4 34. Rd2 Qc4 35. Kc2 c5 36. Kd1 Qg4+ 37. Kc1 Rb3 38. Ra2 Qc4 39. Kd1 a3 40. Ne2 Qa4 41. Kc1 Qc4+ 42. Kd1 Rxe3 43. bxa3 Qa4+ 44. Ke1 Rb3 45. Rac2 Qe4 46. f3 Qxf3 47. Rxc5 Qh1+ 48. Kf2 Rf3# 0-1

[Event "Warsaw YMCA Winter-B 87th"]
[Site "Warsaw"]
[Date "2011.03.02"]
[Round "9"]
[White "Szukalski, Antoni"]
[Black "Siekierski, Pawel"]
[Result "1/2-1/2"]
[WhiteElo "1815"]
[BlackElo "2015"]
[PlyCount "74"]
[EventDate "2011.01.05"]
[EventType "tourn"]
[EventRounds "13"]
[EventCountry "POL"]
[SourceTitle "EXT 2019"]
[Source "ChessBase"]
[SourceDate "2018.10.10"]
[SourceVersion "1"]
[SourceVersionDate "2018.10.10"]
[SourceQuality "1"]

1. e4 c5 2. c3 d6 3. d4 Nf6 4. Bd3 cxd4 5. cxd4 g6 6. Nc3 Nc6 7. Nge2 Bg7 8. Be3 Ng4 9. Qd2 Nxe3 10. fxe3 0-0 11. 0-0 Qa5 12. Ng3 h5 13. Rad1 Bg4 14. Rc1 Qg5 15. Qf2 Bh6 16. Rfe1 h4 17. Nf1 e6 18. Bb1 Rac8 19. Kh1 a6 20. h3 Bh5 21. a3 b5 22. Ne2 Bxe2 23. Rxe2 Na5 24. Rec2 Rxc2 25. Rxc2 Nc4 26. Rc3 Qh5 27. Bc2 Nxb2 28. Rc6 a5 29. Rxd6 Nc4 30. Rc6 Nxa3 31. Rc5 Bg5 32. Bb3 Qh6 33. Qa2 Be7 34. Rc7 Bd6 35. Rd7 Bb4 36. Bxe6 fxe6 37. Qxe6+ Kh8 1/2-1/2

[Event "Warsaw YMCA Winter-A 74th"]
[Site "Warsaw"]
[Date "2010.03.12"]
[Round "10"]
[White "Sielicki, Tomasz"]
[Black "Siekierski, Pawel"]
[Result "0-1"]
[WhiteElo "2036"]
[BlackElo "2071"]
[PlyCount "120"]
[EventDate "2010.01.08"]
[EventType "tourn"]
[EventRounds "13"]
[EventCountry "POL"]
[SourceTitle "EXT 2011"]
[Source "ChessBase"]
[SourceDate "2010.11.26"]
[SourceVersion "1"]
[SourceVersionDate "2010.11.26"]
[SourceQuality "1"]

1. d4 d6 2. e4 Nf6 3. Nc3 g6 4. f4 Bg7 5. Nf3 c5 6. Bb5+ Bd7 7. Bxd7+ Nbxd7 8. e5 Ng8 9. e6 fxe6 10. Ng5 Bxd4 11. Nxe6 Bxc3+ 12. bxc3 Qa5 13. 0-0 Ngf6 14. f5 Ne5 15. Bf4 Qxc3 16. Bxe5 Qxe5 17. Re1 Qc3 18. Nc7+ Kd7 19. Nxa8 Rxa8 20. Qe2 Re8 21. Rab1 Kc7 22. Qb5 Qd4+ 23. Kh1 Qd5 24. Re6 gxf5 25. c4 Qc6 26. Qa5+ Kd7 27. Re3 Rg8 28. Rg3 Rxg3 29. hxg3 a6 30. Rb6 Qc7 31. Qa4+ Kc8 32. Rb1 Qd7 33. Qc2 Ne4 34. g4 Qe6 35. Qb2 Qh6+ 36. Kg1 Qe3+ 37. Kh1 Nf2+ 38. Kh2 Nxg4+ 39. Kh1 Qh6+ 40. Kg1 Qh2+ 41. Kf1 Qh1+ 42. Ke2 Qxg2+ 43. Ke1 Qg1+ 44. Kd2 Qf2+ 45. Kc1 Qe1+ 46. Kc2 Qe2+ 47. Kb3 Qd3+ 48. Ka4 Qxc4+ 49. Ka5 Qb5+ 50. Qxb5 axb5 51. Kxb5 e5 52. Rh1 h6 53. Rh5 f4 54. Rf5 Kd7 55. Rf7+ Ke6 56. Rxb7 f3 57. Kc6 f2 58. Rb1 e4 59. a4 e3 60. a5 e2 0-1

[Event "Warsaw YMCA Winter-A 74th"]
[Site "Warsaw"]
[Date "2010.02.19"]
[Round "7"]
[White "Siekierski, Pawel"]
[Black "Solnicki, Michal"]
[Result "0-1"]
[WhiteElo "2071"]
[BlackElo "2039"]
[PlyCount "104"]
[EventDate "2010.01.08"]
[EventType "tourn"]
[EventRounds "13"]
[EventCountry "POL"]
[SourceTitle "EXT 2011"]
[Source "ChessBase"]
[SourceDate "2010.11.26"]
[SourceVersion "1"]
[SourceVersionDate "2010.11.26"]
[SourceQuality "1"]

1. d4 Nf6 2. Nf3 g6 3. c4 Bg7 4. Nc3 0-0 5. e4 d6 6. Be2 Nbd7 7. 0-0 e5 8. d5 Nc5 9. Nd2 a5 10. b3 Ne8 11. a3 f5 12. exf5 Bxf5 13. Bb2 e4 14. b4 Nd7 15. g4 Qh4 16. gxf5 gxf5 17. f4 Rf6 18. Qe1 Rg6+ 19. Kh1 Qh3 20. Rg1 Bxc3 21. Rxg6+ hxg6 22. Bf1 Qh8 23. Bxc3 Qxc3 24. b5 Nef6 25. Ra2 Kg7 26. Qg3 Qxg3 27. hxg3 Rh8+ 28. Kg1 Nc5 29. Rb2 Nfd7 30. Nb3 Nxb3 31. Rxb3 Kf6 32. Be2 g5 33. Kg2 b6 34. Rb1 Nf8 35. Rf1 Ng6 36. Bd1 gxf4 37. gxf4 Rg8 38. Kh2 Nf8 39. Re1 Rg7 40. Rf1 Nd7 41. Re1 Nc5 42. Be2 Nb3 43. Bd1 Nc1 44. Rf1 Na2 45. Rf2 Nc3 46. Bb3 e3 47. Rf1 e2 48. Re1 Rg4 49. Bc2 Rxf4 50. Kg2 Rxc4 51. Bd3 Rd4 52. Bxe2 Rd2 0-1

[Event "Warsaw YMCA Winter-A 74th"]
[Site "Warsaw"]
[Date "2010.01.15"]
[Round "2"]
[White "Siekierski, Pawel"]
[Black "Janczarski, Michal"]
[Result "0-1"]
[WhiteElo "2071"]
[BlackElo "2220"]
[PlyCount "88"]
[EventDate "2010.01.08"]
[EventType "tourn"]
[EventRounds "13"]
[EventCountry "POL"]
[SourceTitle "EXT 2011"]
[Source "ChessBase"]
[SourceDate "2010.11.26"]
[SourceVersion "1"]
[SourceVersionDate "2010.11.26"]
[SourceQuality "1"]

1. d4 c5 2. d5 e5 3. c4 d6 4. Nc3 f5 5. Nf3 Nf6 6. g3 e4 7. Ng5 Qe7 8. Qb3 b6 9. a4 h6 10. Ne6 Bxe6 11. dxe6 Nc6 12. Nd5 Nd4 13. Qd1 Qd8 14. Bh3 g6 15. Nf4 Rg8 16. Be3 Nc6 17. Qb3 Ke7 18. 0-0-0 g5 19. Nd5+ Kxe6 20. f3 exf3 21. exf3 Ne7 22. Rhe1 Nfxd5 23. cxd5+ Kd7 24. Qb5+ Kc7 25. Bxf5 Nxf5 26. Qc6+ Kb8 27. Bxc5 Bg7 28. g4 bxc5 29. gxf5 Be5 30. Re2 Qb6 31. Qd7 Qc7 32. Qe6 Bf4+ 33. Kb1 Kb7 34. Rd3 Rab8 35. Qxh6 Ka8 36. Qf6 Be5 37. Qe6 Qb7 38. Rdd2 c4 39. Rc2 c3 40. f6 Rgf8 41. Qf5 Rxf6 42. Qxg5 Rxf3 43. Qg2 Rd3 44. Kc1 cxb2+ 0-1

[Event "Warsaw op 04"]
[Site "Warsaw"]
[Date "2009.05.29"]
[Round "8"]
[White "Siekierski, Pawel"]
[Black "Zurkowski, Andrzej"]
[Result "0-1"]
[WhiteElo "2077"]
[BlackElo "2150"]
[PlyCount "66"]
[EventDate "2009.04.07"]
[EventType "swiss"]
[EventRounds "11"]
[EventCountry "POL"]
[SourceTitle "EXT 2012"]
[Source "ChessBase"]
[SourceDate "2011.11.24"]
[SourceVersion "1"]
[SourceVersionDate "2011.11.24"]
[SourceQuality "1"]

1. d4 c5 2. d5 e5 3. c4 d6 4. Nc3 Be7 5. Nf3 Bg4 6. h3 Bxf3 7. exf3 Bg5 8. Bd3 Bxc1 9. Rxc1 Nf6 10. 0-0 0-0 11. Qd2 Nh5 12. Ne2 f5 13. g4 fxg4 14. fxg4 Nf4 15. Nxf4 Rxf4 16. Rce1 Qg5 17. Qc2 g6 18. Re4 Nd7 19. Rxf4 exf4 20. Be4 Ne5 21. f3 h5 22. b3 Kg7 23. Qg2 hxg4 24. hxg4 Rh8 25. Kf2 Qh4+ 26. Ke2 Nd7 27. Kd3 Nf6 28. Qf2 Qg5 29. Qb2 Rh3 30. Ke2 Qh4 31. Qb1 Rh2+ 32. Kd3 Nxe4 33. fxe4 Qg3+ 0-1

[Event "Warsaw op 04"]
[Site "Warsaw"]
[Date "2009.05.08"]
[Round "5"]
[White "Szymczak, Rafal"]
[Black "Siekierski, Pawel"]
[Result "1-0"]
[WhiteElo "2051"]
[BlackElo "2077"]
[PlyCount "47"]
[EventDate "2009.04.07"]
[EventType "swiss"]
[EventRounds "11"]
[EventCountry "POL"]
[SourceTitle "EXT 2012"]
[Source "ChessBase"]
[SourceDate "2011.11.24"]
[SourceVersion "1"]
[SourceVersionDate "2011.11.24"]
[SourceQuality "1"]

1. f4 f5 2. e4 fxe4 3. d3 exd3 4. Bxd3 Nf6 5. g4 d5 6. g5 Bg4 7. Nf3 Ng8 8. Nc3 c6 9. Qe2 Nd7 10. Rg1 Bh5 11. g6 hxg6 12. Qe6 Ngf6 13. Be3 Qa5 14. Ng5 Qb4 15. Qf7+ Kd8 16. Kd2 Bg4 17. Rxg4 Rxh2+ 18. Be2 d4 19. Ne6+ Kc8 20. Bxd4 Qd6 21. Kc1 b6 22. Ba6+ Kb8 23. Rg1 Qb4 24. Be5+ 1-0

[Event "Warsaw op 04"]
[Site "Warsaw"]
[Date "2009.04.17"]
[Round "1"]
[White "Siekierski, Pawel"]
[Black "Krasiewicz, Robert"]
[Result "1-0"]
[WhiteElo "2077"]
[BlackElo "2094"]
[PlyCount "99"]
[EventDate "2009.04.07"]
[EventType "swiss"]
[EventRounds "11"]
[EventCountry "POL"]
[SourceTitle "EXT 2012"]
[Source "ChessBase"]
[SourceDate "2011.11.24"]
[SourceVersion "1"]
[SourceVersionDate "2011.11.24"]
[SourceQuality "1"]

1. d4 f5 2. Bg5 g6 3. Nc3 Bg7 4. e3 Nf6 5. h4 h6 6. Bxf6 Bxf6 7. Nd5 e6 8. Nxf6+ Qxf6 9. Qf3 Nc6 10. 0-0-0 d6 11. Bc4 Bd7 12. Ne2 0-0-0 13. Nc3 Rde8 14. Bb5 a6 15. Ba4 Kb8 16. Qe2 Rh7 17. a3 Rf7 18. Qd2 f4 19. e4 Na5 20. e5 Qf5 21. exd6 cxd6 22. Bxd7 Rxd7 23. Qd3 Qf7 24. d5 exd5 25. Nxd5 Nc6 26. Rhe1 Re5 27. Nb6 Rd8 28. Rxe5 dxe5 29. Qxd8+ Nxd8 30. Rxd8+ Kc7 31. Rd7+ Qxd7 32. Nxd7 Kxd7 33. Kd2 e4 34. Kc3 Ke6 35. Kd4 Kf5 36. c4 e3 37. fxe3 fxe3 38. Kxe3 Kg4 39. b4 Kxh4 40. b5 axb5 41. cxb5 Kg3 42. a4 Kxg2 43. a5 h5 44. a6 bxa6 45. bxa6 h4 46. a7 h3 47. a8Q+ Kg1 48. Kf3 g5 49. Qa2 g4+ 50. Kg3 1-0

[Event "Warsaw YMCA Winter-B 32nd"]
[Site "Warsaw"]
[Date "2007.03.21"]
[Round "10"]
[White "Siekierski, Pawel"]
[Black "Zurkowski, Andrzej"]
[Result "1-0"]
[WhiteElo "2051"]
[BlackElo "2011"]
[PlyCount "57"]
[EventDate "2007.01.03"]
[EventType "tourn"]
[EventRounds "13"]
[EventCountry "POL"]
[SourceTitle "EXT 2011"]
[Source "ChessBase"]
[SourceDate "2010.11.26"]
[SourceVersion "1"]
[SourceVersionDate "2010.11.26"]
[SourceQuality "1"]

1. d4 c5 2. d5 Nf6 3. c4 b5 4. cxb5 a6 5. b6 Bb7 6. Nc3 e6 7. e4 exd5 8. exd5 d6 9. a4 Qxb6 10. a5 Qc7 11. Nf3 Be7 12. Bc4 0-0 13. 0-0 Nbd7 14. Re1 Ne5 15. Nxe5 dxe5 16. Qe2 Rfd8 17. Bg5 h6 18. Bh4 Nxd5 19. Bxe7 Nxe7 20. Qxe5 Qc6 21. Bxf7+ Kh8 22. f3 Ng6 23. Qg3 Nf8 24. Re7 Nd7 25. Be6 Rg8 26. Bxd7 Qf6 27. Qe5 Qg6 28. Bf5 Qg5 29. Rxb7 1-0

[Event "Warsaw YMCA Winter-B 32nd"]
[Site "Warsaw"]
[Date "2007.02.16"]
[Round "7"]
[White "Kosny, Marek"]
[Black "Siekierski, Pawel"]
[Result "0-1"]
[WhiteElo "1971"]
[BlackElo "2051"]
[PlyCount "74"]
[EventDate "2007.01.03"]
[EventType "tourn"]
[EventRounds "13"]
[EventCountry "POL"]
[SourceTitle "EXT 2011"]
[Source "ChessBase"]
[SourceDate "2010.11.26"]
[SourceVersion "1"]
[SourceVersionDate "2010.11.26"]
[SourceQuality "1"]

1. c4 e6 2. Nc3 d5 3. d4 Nf6 4. Nf3 c6 5. g3 Be7 6. Bg2 0-0 7. 0-0 Nbd7 8. c5 Ne4 9. Nxe4 dxe4 10. Nd2 f5 11. b4 a5 12. b5 cxb5 13. Qb3 Nf6 14. Qxb5 Qxd4 15. Nb3 Qd7 16. a4 Qxb5 17. axb5 Bd7 18. Rxa5 Rxa5 19. Nxa5 Bxb5 20. Nxb7 Bxe2 21. Re1 Ba6 22. Nd6 Rd8 23. Bf4 Nd7 24. c6 Nb6 25. Nb7 Rc8 26. Na5 Nd5 27. Bd2 Bd8 28. Nb7 Bb6 29. Ra1 Rxc6 30. Na5 Rc2 31. Be1 e3 32. f4 e2+ 33. Kh1 Bd4 34. Rb1 Bc3 35. Nb3 Bc4 36. Bxc3 Nxc3 37. Nd4 Rd2 0-1

[Event "Warsaw YMCA Winter-B 32nd"]
[Site "Warsaw"]
[Date "2007.01.26"]
[Round "4"]
[White "Kadzinski, Wieslaw"]
[Black "Siekierski, Pawel"]
[Result "0-1"]
[WhiteElo "2026"]
[BlackElo "2051"]
[PlyCount "72"]
[EventDate "2007.01.03"]
[EventType "tourn"]
[EventRounds "13"]
[EventCountry "POL"]
[SourceTitle "EXT 2011"]
[Source "ChessBase"]
[SourceDate "2010.11.26"]
[SourceVersion "1"]
[SourceVersionDate "2010.11.26"]
[SourceQuality "1"]

1. e4 d6 2. d4 Nf6 3. Nc3 g6 4. f4 Bg7 5. Nf3 c5 6. dxc5 Qa5 7. Bd3 Qxc5 8. Qe2 Nc6 9. Be3 Qa5 10. 0-0 Ng4 11. Bd2 0-0 12. Nd5 Qd8 13. h3 Nd4 14. Qe1 Nxf3+ 15. Rxf3 Nf6 16. Nc3 Bd7 17. Qh4 Bc6 18. Re1 Qb6+ 19. Kh1 e6 20. e5 Nd7 21. Ne4 Bxe4 22. Bxe4 dxe5 23. fxe5 Nxe5 24. Rb3 Qd8 25. Bg5 Qa5 26. Rxb7 Rab8 27. b4 Qxa2 28. Bf6 Rxb7 29. Bxg7 Kxg7 30. Bxb7 Qc4 31. Qxc4 Nxc4 32. Ra1 Rb8 33. Rxa7 Nd6 34. Ba6 Rxb4 35. Rd7 Ne4 36. c4 Nc5 0-1

[Event "Warsaw-ch"]
[Site "Warsaw"]
[Date "1998.05.23"]
[Round "1"]
[White "Maciejewski, Miroslaw"]
[Black "Siekierski, Pawel"]
[Result "1-0"]
[WhiteElo "2310"]
[BlackElo "2045"]
[PlyCount "75"]
[EventDate "1998.??.??"]
[EventType "swiss"]
[EventRounds "9"]
[EventCountry "POL"]
[SourceTitle "EXT 2000"]
[Source "ChessBase"]
[SourceDate "1999.11.16"]
[SourceVersion "1"]
[SourceVersionDate "1999.11.16"]
[SourceQuality "1"]

1. e4 c5 2. Nf3 d6 3. d4 cxd4 4. Nxd4 Nf6 5. Nc3 a6 6. Bg5 e6 7. f4 Be7 8. Qf3 Nbd7 9. 0-0-0 Qc7 10. g4 b5 11. Bxf6 gxf6 12. f5 Ne5 13. Qh3 0-0 14. Rg1 Kh8 15. Rg3 Rg8 16. Nce2 Rg5 17. Nf4 exf5 18. Nd5 Qd8 19. Nxf5 Bf8 20. Qg2 Be6 21. Kb1 Rc8 22. h4 Rg6 23. g5 Bxd5 24. exd5 Qd7 25. Qf2 Rc5 26. Bg2 Rc4 27. Rd4 Qc8 28. c3 fxg5 29. hxg5 b4 30. Bf1 Rxd4 31. cxd4 Nc4 32. Bd3 Nb6 33. Nh6 Rg7 34. Nxf7+ Kg8 35. Nh6+ Kh8 36. Rf3 Be7 37. Rf7 Qe8 38. Qf5 1-0

[Event "Krakow op-A"]
[Site "Krakow"]
[Date "1998.??.??"]
[Round "?"]
[White "Szymanski, Marcin"]
[Black "Siekierski, Pawel"]
[Result "0-1"]
[WhiteElo "2280"]
[BlackElo "2045"]
[PlyCount "62"]
[EventDate "1998.??.??"]
[EventType "swiss"]
[EventRounds "9"]
[EventCountry "POL"]
[SourceTitle "EXT 2002"]
[Source "ChessBase"]
[SourceDate "2001.11.25"]
[SourceVersion "1"]
[SourceVersionDate "2001.11.25"]
[SourceQuality "1"]

1. d4 d5 2. Bg5 c6 3. Nc3 f5 4. e3 g6 5. h4 h6 6. Bf4 Nf6 7. Qf3 Be6 8. Bd3 Bf7 9. Qe2 Nbd7 10. Nf3 e6 11. Ne5 Nxe5 12. Bxe5 Bb4 13. g4 Rh7 14. f3 Nd7 15. f4 Qa5 16. Kf2 Nxe5 17. fxe5 0-0-0 18. Nb1 Rf8 19. c3 Be7 20. Nd2 Qd8 21. Kg3 Be8 22. Raf1 Rg7 23. c4 Bd7 24. c5 fxg4 25. Rxf8 Qxf8 26. h5 gxh5 27. Rxh5 Bg5 28. Rh1 Be8 29. Rf1 Qe7 30. Kg2 h5 31. Qf2 h4 0-1